| 000 | 00605nam a2200205 a 4500 | ||
|---|---|---|---|
| 005 | 20240925064237.0 | ||
| 008 | 991125s1973 bar 000 0 spa u | ||
| 020 | _a8472222004 | ||
| 035 | _aUPN01000043629 | ||
| 049 | _aCG | ||
| 050 | 4 |
_aLB1117 _bF7.68 |
|
| 100 | 1 |
_aFreinet, Célestin, _d1896-1966 |
|
| 245 | 1 | 0 |
_aParábolas para una pedagogía popular / _cCélestin Freinet ; tr. Elisenda Guarro. |
| 260 |
_aBarcelona, Esp. : _bLaia, _c1973. |
||
| 300 | _a157 p. | ||
| 440 | 0 |
_aEdiciones de bolsillo ; _v11 |
|
| 650 | 4 |
_aNiño, Estudio del _9221 |
|
| 650 | 4 |
_aPsicopedagogía _95085 |
|
| 905 | _aLibro | ||
| 999 |
_c43629 _d43629 |
||